| 000 | 01227nam0a22002531 4500 | ||
|---|---|---|---|
| 001 | rc\2815856 | ||
| 005 | 20260407085729.0 | ||
| 035 | _a(NLR Aleph) 006941598 | ||
| 090 |
_a7643648 _c7643648 |
||
| 100 | _a20110915d1945 u y0rusy50 ca | ||
| 101 | 0 | _arus | |
| 102 | _aRU | ||
| 105 | _ay g ||||| | ||
| 200 | 1 |
_aСправочник для поступающих в техникумы Народного комиссариата мясной и молочной промышленности Союза ССР в 1945 г. _e[Утв. ВКВШ при СНК СССР 29-го апр. 1945 г.] _fГлав. упр. учеб. заведениями Нар. ком. мясной и молочной пром-сти СССР |
|
| 210 |
_aМосква _cтип. Наркоммясомолпрома _d1945 |
||
| 215 |
_a32 с., без тит. л. _d19 см. |
||
| 712 | 0 | 1 |
_aСССР _bНародный комиссариат мясной и молочной промышленности _3RU\NLR\AUTH\8813422 _9299845 |
| 801 | 0 |
_aRU _bNLR _gpsbo |
|
| 801 | 1 |
_aRU _bELAR _2rusmarc |
|
| 852 |
_aNLR _jПр30 Г-4/376 |
||
| 942 | _cBOOK | ||
| 945 | _aРоссийская национальная библиотека | ||
| 980 | _aNB | ||
| 980 | _aBV | ||